Historia de la arquitectura moderna
Spremljeno u:
| Glavni autor: | |
|---|---|
| Format: | Knjiga |
| Jezik: | španjolski |
| Izdano: |
Barcelona
Gustavo Gili
1980
|
| Izdanje: | 4a. ed |
| Serija: | Biblioteca de Arquitectura
|
| Teme: | |
| Oznake: |
Dodaj oznaku
Bez oznaka, Budi prvi tko označuje ovaj zapis!
|
MARC
| LEADER | 00000nam a2200000 a 4500 | ||
|---|---|---|---|
| 001 | UCT3620 | ||
| 003 | CL-VaPUC | ||
| 008 | 961024e19800000SP |||||||||||||||||spa|d | ||
| 082 | 0 | 4 | |a 724 |b BEN |2 21 |
| 100 | |a Benevolo, Leonardo |e author |9 303868 | ||
| 245 | 1 | 0 | |a Historia de la arquitectura moderna |
| 250 | |a 4a. ed | ||
| 300 | |a 972 p | ||
| 942 | |c BK | ||
| 945 | |d 19961024 00:00:00 |a rleighto | ||
| 260 | |a Barcelona |b Gustavo Gili |c 1980 | ||
| 650 | 0 | |a Arquitectura moderna |9 265021 | |
| 650 | 0 | |a Arquitectura urbana |9 331978 | |
| 650 | 0 | |a Historia |9 255047 | |
| 583 | |a last modification |c 19961024 00:00:00 |k Rodrigo Vera | ||
| 490 | 0 | |a Biblioteca de Arquitectura | |
| 999 | |c 253197 |d 253195 | ||
| 952 | |0 0 |1 0 |4 0 |6 724_000000000000000_BEN_1980 |7 0 |8 A |9 273853 |a BIBARQ |b BIBARQ |d 2019-11-19 |i 3244903 |o 724 BEN 1980 |p 3244903 |r 2025-01-20 |w 2019-11-19 |y BK |k ARQ | ||